ბათუმის შოთა რუსთაველის სახელმწიფო უნივერსიტეტის ბიბლიოთეკა

სხვადასხვა წლების ლექსები (ბიბ.ჩანაწერი № 48655)

000 -LEADER
fixed length control field 00743nam a2200205Ia 4500
001 - CONTROL NUMBER
control field 15555
003 - CONTROL NUMBER IDENTIFIER
control field GE_BSU
008 - FIXED-LENGTH DATA ELEMENTS--GENERAL INFORMATION
fixed length control field 181216s||||||||xx |||||||||||||| ||und||
040 ## - CATALOGING SOURCE
Transcribing agency GE_BSU
080 ## - UNIVERSAL DECIMAL CLASSIFICATION NUMBER
Universal Decimal Classification number 821.353.1-1
100 ## - MAIN ENTRY--PERSONAL NAME
Personal name ცეცხლაძე, გრიგოლ
245 ## - TITLE STATEMENT
Title სხვადასხვა წლების ლექსები
245 ## - TITLE STATEMENT
Statement of responsibility, etc. რედ.ალიო ადამია. მხატვ.ვ.მელიქიშვილი
260 ## - PUBLICATION, DISTRIBUTION, ETC.
Place of publication, distribution, etc. თბილისი
260 ## - PUBLICATION, DISTRIBUTION, ETC.
Name of publisher, distributor, etc. ლიტერატურა და ხელოვნება
260 ## - PUBLICATION, DISTRIBUTION, ETC.
Date of publication, distribution, etc. 1967
300 ## - PHYSICAL DESCRIPTION
Extent 224გვ. 17სმ.
653 ## - INDEX TERM--UNCONTROLLED
Uncontrolled term სხვადასხვა წლების ლექსები
942 ## - ADDED ENTRY ELEMENTS (KOHA)
Koha item type წიგნი
ეგზემპლარები
Withdrawn status Lost status Damaged status Not for loan Date acquired Barcode Date last seen Price effective from Koha item type
        2018-12-17 38730 2018-12-17 2018-12-17 წიგნი